| 000 | 01377nam a2200337 a 4500 | ||
|---|---|---|---|
| 001 | ebr10382825 | ||
| 003 | CaPaEBR | ||
| 006 | m u | ||
| 007 | cr cn||||||||| | ||
| 008 | 760717s1963 dcu sb 000 0 eng d | ||
| 020 | _z9780813213439 | ||
| 020 | _z9780813211442 (e-book) | ||
| 040 |
_aCaPaEBR _cCaPaEBR |
||
| 035 | _a(OCoLC)647919903 | ||
| 041 | 1 |
_aeng _hlat |
|
| 050 | 1 | 4 |
_aBR65.A31 _bE54 1963eb |
| 100 | 0 |
_aAmbrose, _cSaint, Bishop of Milan, _dd. 397. |
|
| 245 | 1 | 0 |
_aTheological and dogmatic works _h[electronic resource] / _ctranslated by Roy J. Deferrari. |
| 260 |
_aWashington : _bCatholic University of America Press, _c1963. |
||
| 300 | _axxiii, 343 p. | ||
| 490 | 1 |
_aThe Fathers of the Church ; _vv.44 |
|
| 504 | _aIncludes bibliographical references (p. xxii-xxiii). | ||
| 533 |
_aElectronic reproduction. _bPalo Alto, Calif. : _cebrary, _d2013. _nAvailable via World Wide Web. _nAccess may be limited to ebrary affiliated libraries. |
||
| 650 | 0 |
_aHoly Spirit _vEarly works to 1800. |
|
| 650 | 0 |
_aSacraments _vEarly works to 1800. |
|
| 655 | 7 |
_aElectronic books. _2local |
|
| 700 | 1 |
_aDeferrari, Roy J. _q(Roy Joseph), _d1890-1969. |
|
| 710 | 2 | _aebrary, Inc. | |
| 830 | 0 |
_aFathers of the church ; _vv. 44. |
|
| 856 | 4 | 0 |
_uhttp://site.ebrary.com/lib/rucke/Doc?id=10382825 _zAn electronic book accessible through the World Wide Web; click to view |
| 999 |
_c207890 _d207890 |
||